| 000 | 00561nam a2200229Ia 4500 | ||
|---|---|---|---|
| 999 |
_c16707 _d16707 |
||
| 003 | 0100 | ||
| 005 | 20190507093509.0 | ||
| 008 | 130303s9999 xx 000 0 und d | ||
| 020 | _a002933120X | ||
| 040 | _cARRUPELIB | ||
| 050 | _aBF698.U48 1984 | ||
| 100 |
_aUnger, Roberto Mangabeira _946284 |
||
| 245 |
_aPassion _ban essay on personality _cRoberto Mangabeira Unger |
||
| 260 |
_aLondon _bThe Free Press _c1984 |
||
| 300 |
_aix, 300 p. ; _c24cm. |
||
| 650 |
_aPersonalities _xAddresses, essays, lectures _946285 |
||
| 942 | 0 | 0 |
_03 _2lcc _cMONOGRAPH |